|
|
|
|
| LEADER |
00000naa2a2200000 4500 |
| 001 |
161143 |
| 005 |
20231101222232.0 |
| 035 |
|
|
|a (RuTPU)RU\TPU\book\174754
|
| 090 |
|
|
|a 161143
|
| 100 |
|
|
|a 20090604d2008 k y0rusy50 ca
|
| 101 |
0 |
|
|a rus
|
| 102 |
|
|
|a RU
|
| 200 |
1 |
|
|a Классификация покрытий, применяемых при дуговой сварке плавлением, по технологическим и эксплуатационным свойствам (обзор)
|f Е. А. Зернин, И. Р. Сабиров
|
| 320 |
|
|
|a Библиогр.: 4 назв.
|
| 463 |
|
0 |
|0 (RuTPU)RU\TPU\book\164827
|t Инновационные технологии и экономика в машиностроении
|o труды VI Всероссийской научно-практической конференции с международным участием, 15-16 мая 2008 года, Юрга
|f Томский политехнический университет (ТПУ), Юргинский технологический институт (ЮТИ)
|v С. 19-21
|d 2008
|p 479 с.
|
| 610 |
1 |
|
|a покрытия
|
| 610 |
1 |
|
|a дуговая сварка
|
| 610 |
1 |
|
|a сварка плавлением
|
| 610 |
1 |
|
|a брызги
|
| 610 |
1 |
|
|a защитные покрытия
|
| 610 |
1 |
|
|a труды учёных ТПУ
|
| 700 |
|
1 |
|a Зернин
|b Е. А.
|c доцент, кандидат технических наук
|c Юргинский технологический институт (филиал) Томского политехнического университета
|2 stltpush
|3 (RuTPU)RU\TPU\pers\24204
|
| 701 |
|
1 |
|a Сабиров
|b И. Р.
|c специалист в области сварки
|c ассистент Юргинского технологического института Томского политехнического университета
|g Ильдар Рашитович
|2 stltpush
|3 (RuTPU)RU\TPU\pers\25039
|9 11172
|
| 801 |
|
1 |
|a RU
|b 63413507
|c 20090604
|g PSBO
|
| 801 |
|
2 |
|a RU
|b 63413507
|c 20151103
|g RCR
|
| 942 |
|
|
|c BK
|